01231nas a2200277Ia 4500001001100000003000900011008004100020040001300061040001300074041001300087100003800100210001000138222001000148245007300158250001100231260003100242501008600273300001100359310001200370362003300382500026000415650003700675942000700712999001900719952021500738R308/46439IT-RoPAU151124c99999999xx |||||||||||| ||und|| aIT-RoPAU cIT-RoPAU aITALIANO aAA.VV. gCodice Aut. SPICS: 12000 aLINUS aLinus aLINUS, ANNO 13-N.04 (APRILE 1977)bLinus, Anno 13-N.04 (Aprile 1977) a1a ed. aMILANObMILANO LIBRIc1977 bPaulus - SPICS - Società San Paolo EM (non-commercial uses only)cCopyright2015 a114 p. aMENSILE aANNO 013, N.04 (APRILE 1977) aPeanuts di C. Schulz. Dialogo Socratico Novellamente Ritrovato e Tradotto Dal Greco Dal Sig. Enzo Lunari. Hein? le Avventure di Kaspar Pfistermeisterdi A. Chiappori. Feiffer. Le Canzoni dell'Altra Storia di C. Ghigliano e M. Tomatis. La Pagine dei Frustra aFUMETTOvPUBBLICAZIONE PERIODICA cCR c131978d131978 0010406R_308_46439000000000071aSPICSbSPICSd2015-11-25l0oR308/46439r2015-11-25 00:00:00w2015-11-25yCRzProgr. Ins: 69557 / Copia rara: NO / date import: 25.11.2015 / By Epidotti, Trombetti, Vaglietti